Sports Quiz

Random Sports Quiz
Score 0/15 Timer 10:00
0 Plays Today
Answer % Correct
Sachin Tendulkar
100%
Jacques Kallis
100%
Brian Lara
100%
Sunil Gavaskar
100%
Matthew Hayden
100%
David Warner
100%
Ross Taylor
100%
Stephen Fleming
100%
Answer % Correct
Younis Khan
75%
VVS Laxman
75%
Virender Sehwag
75%
Justin Langer
75%
Javed Miandad
50%
AB De Villiers
50%
Virat Kohli
50%
Remove Ads.
Support Sporcle.
Get the best of Sporcle when you Go Orange. This ad-free experience offers more features, more stats, and more fun while also helping to support Sporcle. Thank you for becoming a member.

You're not logged in!

Compare scores with friends on all Sporcle quizzes.
OR
Log In

Sporcle TV

Today on Sporcle TV


Watch our educational content, quiz creation guides, and fun videos on Sporcle TV.

Show Comments

Extras

Created May 14, 2020ReportNominate
Tags:7000, lord, run, test

Top Quizzes Today


Score Distribution

Paid Content

Your Account Isn't Verified!

In order to create a playlist on Sporcle, you need to verify the email address you used during registration. Go to your Sporcle Settings to finish the process.

Report this User

Report this user for behavior that violates our Community Guidelines.

Details: